000 00251 a2200085 4500
020 _a9789383419814
100 _aRicha Raut and Yashwant Pitkar
245 _aSikandarah:: Geometry, Calligraphy, Epigraphy, Islimi, Poetry
260 _b Copal Publishing
_c2024
999 _c13274
_d13274